Kapitanowe ekip w Premier League 2020/2021 - Statystyki

Ogólne statystyki
  • Ten quiz został rozwiązany 109 razy
  • Średni wynik to 11 z 20
Statystyki odpowiedzi
klub nr # kraj piłkarz % Poprawnych
Tottenham 1 FRA Hugo Lloris
98%
Liverpool 14 ENG Jordan Henderson
95%
Arsenal 14 GAB Pierre Emerick Aubameyang
94%
Chelsea 28 ESP Cesar Azpilicueta
88%
Manchester City 25 BRA Fernandinho
86%
Manchester United 5 ENG Harry Maguire
84%
Aston Villa 10 ENG Jack Grealish
83%
Leicester 5 JAM Wes Morgan
76%
Everton 23 IRL Seamus Coleman
66%
West Ham 16 ENG Mark Noble
49%
Wolves 16 ENG Conor Coady
48%
Southampton 8 ENG James Ward Prowse
48%
Brighton 5 ENG Lewis Dunk
48%
Crystal Palace 4 SER Luka Milivojevic
47%
Burnley 6 ENG Ben Mee
33%
Fulham 10 SCO Tom Cairney
27%
Leeds United 6 SCO Liam Cooper
22%
Newcastle 6 ENG Jamaal Lascelles
19%
WBA 8 ENG Jake Livermore
13%
Sheffield United 16 ENG Oliver Norwood
11%
Nie znaleziono quizów pasujących do podanych kryteriów
Rozkład punktacji
Procent ludzi z każdym wynikiem
Percentyl według liczby udzielonych odpowiedzi
Twoja historia wyników
Nie rozwiązałeś tego quizu